| 000 | 004810000a22001930004500 | ||
|---|---|---|---|
| 003 | LK-CoMWRAF | ||
| 008 | 230817t ||||| |||| 00| 0 eng d | ||
| 040 |
_aLK-CoMWRAF _dLK-CoMWRAF _eLK-CoMWRAF |
||
| 041 | _aeng | ||
| 082 |
_a164 _bLIL |
||
| 100 | _aLilla,Ehsanullah Khan | ||
| 245 |
_aMuslim Family Law _b |
||
| 250 | _a1st.ed. | ||
| 260 |
_b _a _c |
||
| 300 | _ap.137 | ||
| 650 | _aDissolution of Muslim Marriages Act 1939 | ||
| 650 | _aFamily Courts Act 1964 | ||
| 942 | _cBK | ||
| 999 |
_c3193 _d3193 |
||